Quizzes
Events
Quiz Creation
Community
Videos
Private Events
Remove Ads
Sign In
Join for FREE
Feedback
Dark Mode
Quiz Categories
Sports
Geography
Music
Movies
Television
Just For Fun
Miscellaneous
History
Literature
Language
Science
Gaming
Entertainment
Religion
Holiday
For Kids
Quiz Lab
Recent
Popular Today
Quiz Kudos Today
Editor Picks
Curator Picks
Quizzes by...
Day
Popularity
Type
Ratings
Length
Year
Community
Subscriptions
Recent Discussions
Orange Saloon
Badges
Playlists
Quests
Create
Leaderboards
Showdown
Live 5
Trivia Bingo
Activity
Puzzle Library
Sporcle Events
Private Events
Virtual Trivia
Globe League
Become a Host
Pub Owners
SporcleCon
Opinionation
Our Games
Videos
Blog
Mobile Apps
Partnerships
Remove Ads and Go Orange
Feedback
Movies
Disney
Marvel Cinematic Universe
Movie Resume
Movie Titles
Oscar
Actor
Actress
Director
Pixar
Role
Movie Quotes
Movie Characters
Box Office
Nominee
Best Picture
Star Wars
James Bond
Horror Movies
Movies
Disney
Marvel Cinematic Universe
Movie Resume
Movie Titles
Oscar
Actor
Actress
Director
Pixar
Role
Movie Quotes
Movie Characters
Box Office
Nominee
Best Picture
Star Wars
James Bond
Horror Movies
Random Quiz
Search Sporcle
×
Quiz Lab
Quiz Lab
Movies
Clickable
Select answers by clicking on text or image buttons
Select answers by clicking on text or image buttons
Clickable
Best Score? Go Orange.
Actors 5 Movie Click XLIX Stats
Can you pick the five movies for each actor?
By
ZariiaGrint
9m
40 Questions
342 Plays
342 Plays
342 Plays
Comments
Comments
Give Quiz Kudos
Give Quiz Kudos
-
- Ratings
hide this ad
Forced Order
Answers have to be entered in order
Answers have to be entered in order
Replay
Link that replays current quiz
Next Quiz
Link to next quiz in quiz playlist
You Got
0%
They Got
Avg Score
65%
Avg Friend Score
Upgrade to see
Score Distribution
Jump to the score distribution portion of the page
Score
0/40
Timer
09:00
0
Plays Today
% Correct
Shaun of the Dead
95.6%
I Know What You Did Last Summer
94.4%
American Pie
94.2%
Cruel Intentions
92.7%
As Good as it Gets
92.4%
Scooby-Doo
89.5%
Cast Away
85.1%
Twister
84.2%
Analyse That
80.7%
Star Trek
79.8%
The Grudge (2004)
78.9%
Lost in Space
78.7%
Mission Impossible III
78.4%
Role Models
77.8%
Charlie's Angels (2000)
74.3%
Ocean's 8
73.4%
Scream 2
72.2%
Goon
71.3%
12 Years a Slave
67.5%
Suicide Squad
65.2%
% Correct
Final Destination
62.3%
RoboCop (2014)
61.7%
How to Lose Friends and Alienate People
61.4%
Bird Box
60.5%
Lookin' Italian
59.9%
The Sessions
58.5%
The Boss Baby
58.5%
Ready Player One
58.2%
Glass
57.3%
Booksmart
57%
P.S. I Love You
53.5%
Evolution
52.3%
Soul Surfer
47.7%
The Girl on the Train
42.7%
The Goldfinch
39.2%
Run All Night
38.9%
All the Queen's Men
37.4%
The Informer
34.2%
Lovesick
33.9%
Edge of Winter
33.6%
Quiz Playlist
Details
Report
Send in Message
Add To Playlist
Clickable:
Select answers by clicking on text or image buttons
Forced Order:
Answers have to be entered in order
Last Updated: Feb 26, 2020
Quiz Scoreboard
CHALLENGE
Sign Up to Join the Scoreboard
Show All
Scores
Hide
Comments
May contain spoilers
Recently Published
An Introduction to Baseball
by treessimontrees
Sports
5m
Movies - When Are They Set?
by FPL_Elf
Movies
5m
Popular People in 1961
by mucciniale
History
6m
More to Explore
Quiz From the Vault
Featured Blog Post
Where Did the Easter Bunny Come From?
hide this ad
You Might Also Like...
Tags
Actor Quiz
Clickable Quiz
Five
XLIX
Today's Top Quizzes in Movies
Browse Movies
hide this ad
Today's Top Quizzes in Clickable
Browse Clickable
Top Contributed Quizzes in Movies
1
Pick 5 Posters: Directed by Spielberg
2
Pick 5 Posters: Lowest-Rated Spielberg
3
Multi-Oscar Nominations, One Movie, One Winner
4
7-to-1: Pixar Characters
5
12 Movies about Fictional 1960s Events
6
One Thing in Common: Movies
7
Pick 5 Posters: Directed by Scorsese
8
Sunday Crossword: Film Score Composers
9
Pick 5 Posters: Star & Director
10
Sorting Actors
Explore More
Trending Topics
Anime
Marvel
Kpop
Disney
NBA
Crossword
Harry Potter
Song
Soccer
The Office
Puzzle
Pokémon
Country
NFL
WWE
hide this ad
More By:
ZariiaGrint
Quiz
Plays
Rating
Category
Featured
Created
Actor Names in Movie Titles
33,858
4.57
Movies
Aug 4, 2018
Actors First Name Movie Match
22,129
4.55
Movies
Jul 30, 2018
Emma Stone or Emma Watson
17,446
4.52
Movies
Apr 9, 2019
Click the Acting Pairs
13,184
3.77
Movies
Mar 1, 2020
Movie Actor Threesomes
9,451
4.26
Movies
Jul 13, 2018
Go to Creator's Profile
Score Distribution
Quiz Creator Spotlight
ZariiaGrint
Follow
Send a Message
Quizzes Created
-
Created Quiz Play Count
-
More By This Creator
Popular Quizzes Today
1
Find the Countries of Europe - No Outlines Minefield
2
Find the US States - No Outlines Minefield
3
The Countries of the World
4
Popular People in 1961
5
Find the US States
6
US States
7
1-10 Letter E Words III
8
Risky Map Clicking: Biggest States A-Z
More Movies Quizzes
Singing Oscar's Best Songs
Editor's Pick
Trending Quizzes
Risky Map Clicking: Least Populous States A-Z
1-10 Letter F Words
1-10 Letter G Words
Not Quite an Element Typing Challenge
One Thing in Common: United Kingdom
Recently Updated
Leaping Animals
pecheneg
Reality TV Shows (A-Z)
bhenderson79
Rickey Henderson's Hall of Fame Teammates
pecheneg
Champions League XIs: Arsenal
pecheneg
Quick Pick: Celebrities in WWE's Hall of Fame
aduchscher
A-Z Keypad Blitz II
pecheneg
Multiple Oscar Actors
pecheneg
Mystery Phrase Blitz: Oscar 'Best Actors'
pecheneg
F. Scott Fitzgerald Novels
LTH
Pick 3 Villains
ddd62291
Trending Topics
Harry Potter
Disney
Anime
Marvel
Crossword
Kpop
NBA
Pokémon
The Office
NFL
Puzzle
Country
WWE
Soccer
Song
Your Account Isn't Verified!
In order to create a playlist on Sporcle, you need to verify the email address you used during registration. Go to your
Sporcle Settings
to finish the process.
Report this User
Report this user for behavior that violates our
Community Guidelines
.
Details:
Send Report
Go to the Sporcle.com Mobile Site →
Comments